000
00305nam a2200109Ia 4500
005
20251222141913.0
008
251222s9999||||xx |||||||||||||| ||spa||
082
_a
338.985/A82C/Ej.2
245
0
_a
Construyamos Juntos el Futuro de Comas
264
_b
Comité Ejecutivo de Planificación de Comas
942
_c
LIB
999
_c
8468
_d
8468